Lễ vun hoa

Giới thiệu những quan niệm của đồng bào dân tộc Nùng về con cái và các vận hạn của đời người, từ đó giới thiệu nội dung lễ vun hoa bằng tiếng Việt và nguyên bản tiếng Nùng

محفوظ في:
التفاصيل البيبلوغرافية
المؤلف الرئيسي: Triệu Thị Mai
التنسيق: كتاب
اللغة:Vietnamese
منشور في: H. Dân trí 2011
الموضوعات:
الوسوم: إضافة وسم
لا توجد وسوم, كن أول من يضع وسما على هذه التسجيلة!
Thư viện lưu trữ: Mạng thư viện Đại học Đà Nẵng
LEADER 01515aam a22003858a 4500
001 000015917
003 12305
005 20120606070616.0
008 120606s2011 viesd
020 |a 9786049176449  |d 2000b 
041 0 |a vie 
082 1 4 |2 14  |a 392.09597  |b TR-M 
100 1 |a Triệu Thị Mai 
245 1 0 |a Lễ vun hoa  |c Triệu Thị Mai 
260 |a H.  |b Dân trí  |c 2011 
300 |a 242tr.  |b ảnh màu  |c 21cm 
500 |a ĐTTS ghi: Hội Văn nghệ dân gian Việt Nam 
504 |a Phụ lục: tr. 223-234 
520 |a Giới thiệu những quan niệm của đồng bào dân tộc Nùng về con cái và các vận hạn của đời người, từ đó giới thiệu nội dung lễ vun hoa bằng tiếng Việt và nguyên bản tiếng Nùng 
546 |a Chính văn bằng 2 thứ tiếng: Việt - Nùng 
650 7 |2 Bộ TK TVQG  |a Văn hoá dân gian 
650 7 |2 Bộ TK TVQG  |a Nghi lễ 
650 7 |2 Bộ TK TVQG  |a Dân tộc Nùng 
651 7 |2 Bộ TK TVQG  |a Việt Nam 
653 |a Lễ vun hoa 
OWN |a LSP 
AVA |a UDN50  |b LSP  |d 392.09597 TR-M  |e available  |t Error 5001 Not defined in file expand_doc_bib_avail.  |f 1  |g 0  |h N  |i 0  |k 1 
999 |a From the UDN01 
AVA |a UDN50  |b LSP  |d 392.09597 TR-M  |e available  |t Error 5001 Not defined in file expand_doc_bib_avail.  |f 1  |g 0  |h N  |i 0  |k 1 
TYP |a Monograph 
TYP |a Printed language 
980 |a Mạng thư viện Đại học Đà Nẵng